000 00448nam a22001817a 4500
003 OSt
005 20160620133922.0
008 160620b xxu||||| |||| 00| 0 eng d
020 _a0113225954
040 _cDNLM.
082 _aQV738B17 2003.
245 _aBritish pharmacoeia 2003.
250 _aVol 1
260 _aLondon.
_bThe stationery Office.
_c2003.
300 _a1030p;
_bill;
_c28cm.
650 _aPharmacology.
_9357
942 _2z
_cO_SHELF
999 _c4409
_d4409